Taste the State : (Record no. 68890)
[ view plain ]
| 000 -LEADER | |
|---|---|
| campo de control de longitud fija | 00592nmm a2200169Ia 4500 |
| 008 - DATOS DE LONGITUD FIJA--INFORMACIÓN GENERAL | |
| campo de control de longitud fija | 251105s9999||||xx |||||||||||||||||und|| |
| 020 ## - NÚMERO INTERNACIONAL ESTÁNDAR DEL LIBRO | |
| Número Internacional Estándar del Libro | 9781643361963 |
| 041 ## - CÓDIGO DE IDIOMA | |
| Código de lengua del texto/banda sonora o título independiente | eng |
| 100 ## - ENTRADA PRINCIPAL--NOMBRE DE PERSONA | |
| Nombre de persona | Mitchell, Kevin |
| 245 #0 - MENCIÓN DEL TÍTULO | |
| Título | Taste the State : |
| Resto del título | South Carolina's Signature Foods, Recipes, and Their Stories |
| 264 ## - PRODUCCIÓN, PUBLICACIÓN, DISTRIBUCIÓN, FABRICACIÓN Y COPYRIGHT | |
| Producción, publicación, distribución, fabricación y copyright | [Washington, Estados Unidos] : |
| Nombre del de productor, editor, distribuidor, fabricante | University of South Carolina Press, |
| Fecha de producción, publicación, distribución, fabricación o copyright | [Fecha de publicación no identificada] |
| 300 ## - DESCRIPCIÓN FÍSICA | |
| Extensión | 247 páginas |
| 700 ## - ENTRADA AGREGADA--NOMBRE PERSONAL | |
| Nombre de persona | Mitchell, Kevin |
| 700 1# - ENTRADA AGREGADA--NOMBRE PERSONAL | |
| Nombre de persona | Shields, David S. |
| 856 ## - LOCALIZACIÓN Y ACCESO ELECTRÓNICOS | |
| Identificador Uniforme de Recursos | <a href="https://public.digitaliapublishing.com/a/107977">https://public.digitaliapublishing.com/a/107977</a> |
| 942 ## - ELEMENTOS DE ENTRADA SECUNDARIOS (KOHA) | |
| Tipo de ítem Koha | Libro Digital |
No items available.